000 00671nam a2200217Ia 4500
003 GCL
008 140319s9999 xx 000 0 ara d
040 _aGCL /
_cGCL
082 0 4 _a370.19
_bا ت
100 1 _aابراهيم عصمت مطاوع
245 1 0 _aالتربية البيئية: دراسة نظرية تطبيقية /
_cابراهيم عصمت مطاوع
260 _a[S.N] :
_bدار المعرفة الجامعية
300 _a152 ص
490 _a
650 0 4 _aالبيئة
650 0 4 _aالتربية
650 0 4 _aعلم البيئة
650 0 4 _aالبيئة والانسان
650 0 4 _aالبيئة المائية
942 _2ddc
_cBK
999 _c30066
_d30066